[Event "Buenos Aires ProAm op 26th"]
[Site "Buenos Aires"]
[Date "2019.10.06"]
[Round "1"]
[White "Carraro, Denise"]
[Black "Bruno, Gerardo"]
[Result "1-0"]
[WhiteElo "2166"]
[BlackElo "1682"]
[PlyCount "56"]
[EventDate "2019.10.06"]
[EventType "team-swiss"]
[EventRounds "8"]
[EventCountry "ARG"]
[SourceTitle "CBM 192 Extra"]
[Source "Chessbase"]
[SourceDate "2019.11.06"]
[SourceVersion "1"]
[SourceVersionDate "2019.11.06"]
[SourceQuality "1"]

1. e4 d6 2. d4 Nf6 3. Nc3 g6 4. h3 Bg7 5. g4 c6 6. Bg2 Qb6 7. Nge2 e5 8. Be3 Qc7 9. 0-0 Nbd7 10. Qd2 h5 11. g5 Nh7 12. a4 0-0 13. f4 Nb6 14. b3 exf4 15. Bxf4 Be6 16. Rf3 a5 17. Raf1 Rad8 18. d5 cxd5 19. exd5 Bc8 20. Be3 Nd7 21. Nb5 Qb8 22. Qxa5 Ne5 23. R3f2 Bf5 24. Ned4 Bd7 25. Qb4 Bxb5 26. Nxb5 Rfe8 27. Ba7 Qa8 28. Bb6 Rd7 1-0

[Event "Villa Martelli ProAm op 24th"]
[Site "Villa Martelli"]
[Date "2017.10.04"]
[Round "5"]
[White "Bruno, Gerardo"]
[Black "Romano, Julio Ezequiel"]
[Result "1-0"]
[WhiteElo "1665"]
[BlackElo "1494"]
[PlyCount "37"]
[EventDate "2017.10.01"]
[EventType "swiss"]
[EventRounds "9"]
[EventCountry "ARG"]
[SourceTitle "CBM 181 Extra"]
[Source "ChessBase"]
[SourceDate "2017.12.12"]
[SourceVersion "1"]
[SourceVersionDate "2017.12.12"]
[SourceQuality "1"]

1. d4 d5 2. Nf3 e6 3. Bf4 c5 4. c3 Nc6 5. e3 Nf6 6. Bd3 Ne4 7. Nbd2 f5 8. 0-0 c4 9. Bxe4 fxe4 10. Ne5 Ne7 11. Bg5 g6 12. f3 h6 13. Nxg6 Rg8 14. Bxe7 Bxe7 15. Nxe7 Qxe7 16. fxe4 Qg5 17. Qf3 Bd7 18. Qf7+ Kd8 19. Qf6+ 1-0

[Event "ARG-chT"]
[Site "Villa Martelli"]
[Date "2017.09.23"]
[Round "8.2"]
[White "Guzman, Ezequiel"]
[Black "Bruno, Gerardo"]
[Result "0-1"]
[WhiteElo "1812"]
[BlackElo "1665"]
[PlyCount "121"]
[EventDate "2017.08.05"]
[EventType "team-swiss"]
[EventRounds "9"]
[EventCountry "ARG"]
[SourceTitle "EXT 2018"]
[Source "ChessBase"]
[SourceDate "2017.10.13"]
[SourceVersion "1"]
[SourceVersionDate "2017.10.13"]
[SourceQuality "1"]
[WhiteTeam "Quilmes"]
[BlackTeam "La Torre del Castillo"]
[WhiteTeamCountry "ARG"]
[BlackTeamCountry "ARG"]

1. d4 d5 2. c4 e6 3. Nc3 c6 4. e3 Nf6 5. Nf3 Nbd7 6. Bd3 Be7 7. a3 Qc7 8. b4 0-0 9. Bb2 Re8 10. Qc2 Nf8 11. 0-0 Bd7 12. Rfc1 a5 13. Qb3 axb4 14. axb4 dxc4 15. Bxc4 Bd6 16. e4 Bf4 17. Rd1 b5 18. Bf1 e5 19. d5 Bg4 20. Rxa8 Rxa8 21. d6 Qb7 22. Be2 N8d7 23. Nd2 Bxe2 24. Nxe2 Bxd2 25. Rxd2 Nxe4 26. Rd1 Qa7 27. Qf3 Qa4 28. Nc1 Qxb4 29. Nd3 Qb3 30. Bxe5 Ng5 31. Qg4 f5 32. Qe2 Ne4 33. Rc1 Ra3 34. Bc3 Ra2 35. Bb2 c5 36. f3 Nef6 37. Rc2 Qd5 38. Nc1 Ra8 39. Rd2 Qc4 40. Qe1 Re8 41. Qf2 Qe6 42. Re2 Qf7 43. Rd2 c4 44. Bc3 Nd5 45. Bd4 c3 46. Rd3 b4 47. Qg3 f4 48. Qf2 Qe6 49. Rd1 c2 50. Qxc2 Ne3 51. Bxe3 Qxe3+ 52. Kf1 Nc5 53. Qc4+ Kf8 54. d7 Nxd7 55. Qxb4+ Nc5 56. Qc4 Nb7 57. Ne2 g5 58. Nc3 Qc5 59. Qb3 Na5 60. Qb2 Nc4 61. Ne4 0-1

[Event "Villa Martelli ProAm op 23rd"]
[Site "Villa Martelli"]
[Date "2016.11.26"]
[Round "8"]
[White "Sosa, Ruben"]
[Black "Bruno, Gerardo"]
[Result "0-1"]
[WhiteElo "1845"]
[BlackElo "1677"]
[PlyCount "110"]
[EventDate "2016.11.20"]
[EventType "swiss"]
[EventRounds "9"]
[EventCountry "ARG"]
[SourceTitle "CBM 175 Extra"]
[Source "ChessBase"]
[SourceDate "2016.12.12"]
[SourceVersion "1"]
[SourceVersionDate "2016.12.12"]
[SourceQuality "1"]

1. e4 d6 2. Nf3 Bg4 3. d4 Nf6 4. Bd3 e5 5. c3 Be7 6. Bg5 Nbd7 7. Qb3 0-0 8. Bxf6 Bxf6 9. Nbd2 Rb8 10. h3 Be6 11. d5 Nc5 12. Qc2 Nxd3+ 13. Qxd3 Bd7 14. g4 c6 15. Nc4 cxd5 16. Nxd6 Bc6 17. Nf5 dxe4 18. Qxd8 Bxd8 19. Nxe5 e3 20. f3 Re8 21. Nxc6 bxc6 22. 0-0-0 Bg5 23. Kc2 g6 24. Nd4 c5 25. Ne2 Red8 26. Rxd8+ Rxd8 27. Rd1 Rxd1 28. Kxd1 Kf8 29. Kc2 Bh4 30. Kd3 Ke7 31. Kxe3 Bf6 32. Ng3 Ke6 33. Ne4 Be7 34. g5 Kd5 35. b3 a5 36. c4+ Ke5 37. f4+ Kf5 38. Ng3+ Ke6 39. h4 f5 40. gxf6 Bxf6 41. h5 Bh4 42. Ne4 Be7 43. Ng3 Bh4 44. Nf1 Kf5 45. Kf3 gxh5 46. Ne3+ Ke6 47. Ke4 Bf2 48. f5+ Kf7 49. Nd1 Bd4 50. a3 h4 51. Kf4 Kf6 52. b4 cxb4 53. axb4 a4 54. Ke4 a3 55. Kxd4 a2 0-1

[Event "Villa Martelli op-B 21st"]
[Site "Villa Martelli"]
[Date "2014.11.07"]
[Round "1"]
[White "Bruno, Gerardo"]
[Black "Nejanky, Maisa"]
[Result "0-1"]
[WhiteElo "1677"]
[BlackElo "2071"]
[PlyCount "24"]
[EventDate "2014.11.07"]
[EventType "swiss"]
[EventRounds "9"]
[EventCountry "ARG"]
[SourceTitle "CBM 163 Extra"]
[Source "ChessBase"]
[SourceDate "2014.12.23"]
[SourceVersion "1"]
[SourceVersionDate "2014.12.23"]
[SourceQuality "1"]

1. d4 Nf6 2. Nf3 c5 3. c3 b6 4. Bf4 Bb7 5. e3 d6 6. Nbd2 Nbd7 7. Bd3 g6 8. 0-0 Bg7 9. Rc1 0-0 10. h3 Re8 11. Qc2 e5 12. Bg5 e4 0-1

[Event "Vicente Lopez Rubinstein op"]
[Site "Vicente Lopez"]
[Date "2009.08.12"]
[Round "8"]
[White "Friedheim, Diego"]
[Black "Bruno, Gerardo"]
[Result "1-0"]
[WhiteElo "1883"]
[BlackElo "1731"]
[PlyCount "41"]
[EventDate "2009.08.04"]
[EventType "swiss"]
[EventRounds "9"]
[EventCountry "ARG"]
[SourceTitle "EXT 2019"]
[Source "ChessBase"]
[SourceDate "2018.10.10"]
[SourceVersion "1"]
[SourceVersionDate "2018.10.10"]
[SourceQuality "1"]

1. e4 c5 2. d4 cxd4 3. c3 Nf6 4. e5 Nd5 5. cxd4 Nc6 6. Nf3 d6 7. exd6 Qxd6 8. Nc3 Nxc3 9. bxc3 Bg4 10. Bc4 e6 11. h3 Bxf3 12. gxf3 Rc8 13. Bd3 Be7 14. Rb1 Qc7 15. Qe2 Qa5 16. Bd2 Nd8 17. Rg1 Bf6 18. Bf5 Kf8 19. c4 Qxa2 20. Bb4+ Kg8 21. Qxa2 1-0

[Event "Villa Martelli Rubinstein op"]
[Site "Villa Martelli"]
[Date "2009.08.05"]
[Round "2"]
[White "Bruno, Gerardo"]
[Black "Audisio, Cristobal"]
[Result "1-0"]
[WhiteElo "1731"]
[BlackElo "1895"]
[PlyCount "47"]
[EventDate "2009.08.04"]
[EventType "swiss"]
[EventRounds "7"]
[EventCountry "ARG"]
[SourceTitle "CBM 131 Extra"]
[Source "ChessBase"]
[SourceDate "2009.09.03"]
[SourceVersion "2"]
[SourceVersionDate "2009.09.16"]
[SourceQuality "1"]

1. d4 d5 2. Nf3 Nc6 3. Bf4 Bg4 4. e3 e6 5. Bd3 Bd6 6. c3 Bxf4 7. exf4 Nge7 8. Nbd2 Qd6 9. g3 h6 10. Qb3 0-0 11. 0-0 Bh3 12. Rfe1 Ng6 13. Ne5 Nce7 14. Ndf3 f6 15. Nxg6 Nxg6 16. Bxg6 f5 17. Ne5 c5 18. Qxb7 Rab8 19. Qd7 Qa6 20. Bf7+ Kh7 21. Qxe6 Rb6 22. Bg6+ Kh8 23. Nf7+ Rxf7 24. Qe8+ 1-0

[Event "Villa Martelli Rubinstein op"]
[Site "Villa Martelli"]
[Date "2009.08.04"]
[Round "1"]
[White "Colombo, Camila"]
[Black "Bruno, Gerardo"]
[Result "1-0"]
[WhiteElo "2104"]
[BlackElo "1731"]
[PlyCount "39"]
[EventDate "2009.08.04"]
[EventType "swiss"]
[EventRounds "7"]
[EventCountry "ARG"]
[SourceTitle "CBM 131 Extra"]
[Source "ChessBase"]
[SourceDate "2009.09.03"]
[SourceVersion "2"]
[SourceVersionDate "2009.09.16"]
[SourceQuality "1"]

1. d4 Nf6 2. c4 e6 3. Nf3 Bb4+ 4. Bd2 c5 5. Bxb4 cxb4 6. g3 0-0 7. Bg2 d6 8. Nbd2 Nc6 9. e4 e5 10. d5 Ne7 11. 0-0 Ne8 12. Ne1 f5 13. Nd3 a5 14. Rc1 b6 15. f4 fxe4 16. Nxe4 exf4 17. Nxf4 Nf6 18. Ng5 Ng4 19. Nge6 Bxe6 20. Nxe6 1-0

[Event "Villa Martelli Pro Am op 15th"]
[Site "Villa Martelli"]
[Date "2008.10.12"]
[Round "3"]
[White "Bulcourf, Carlos"]
[Black "Bruno, Gerardo"]
[Result "1-0"]
[WhiteElo "2156"]
[BlackElo "1738"]
[PlyCount "71"]
[EventDate "2008.10.10"]
[EventType "swiss"]
[EventRounds "9"]
[EventCountry "ARG"]
[SourceTitle "CBM 126 Extra"]
[Source "ChessBase"]
[SourceDate "2008.11.05"]
[SourceVersion "1"]
[SourceVersionDate "2008.11.05"]
[SourceQuality "1"]

1. f4 d5 2. Nf3 Nf6 3. e3 Bf5 4. c4 e6 5. Qb3 Qc8 6. Nc3 c6 7. d4 dxc4 8. Bxc4 Nbd7 9. Bd2 Bd6 10. Rc1 Nb6 11. Be2 Qd8 12. 0-0 0-0 13. Ne5 Bxe5 14. fxe5 Ne4 15. Nxe4 Bxe4 16. Bf3 Bd5 17. Qd3 Bxf3 18. Rxf3 f5 19. exf6 Rxf6 20. Rh3 Rg6 21. Rc5 Qf6 22. e4 Rf8 23. Be3 Nd7 24. Rch5 h6 25. e5 Qf7 26. R5h4 Rg5 27. Rf4 Rf5 28. Rhf3 Nb6 29. Rxf5 exf5 30. g4 Qg6 31. Rg3 Qe6 32. gxf5 Rxf5 33. Bxh6 Kh7 34. Bxg7 Nd5 35. Rg5 Ne7 36. Qh3+ 1-0

[Event "ARG-chT"]
[Site "Villa Martelli"]
[Date "2008.09.06"]
[Round "5"]
[White "Alegre, Eugenia"]
[Black "Bruno, Gerardo"]
[Result "1-0"]
[WhiteElo "1819"]
[BlackElo "1720"]
[PlyCount "57"]
[EventDate "2008.08.09"]
[EventType "team-tourn"]
[EventRounds "9"]
[EventCountry "ARG"]
[SourceTitle "EXT 2009"]
[Source "ChessBase"]
[SourceDate "2008.11.26"]
[SourceVersion "1"]
[SourceVersionDate "2008.11.26"]
[SourceQuality "1"]

1. d4 Nf6 2. c4 e6 3. g3 Bb4+ 4. Nc3 c6 5. Bd2 d5 6. Bg2 dxc4 7. Nf3 Nbd7 8. 0-0 0-0 9. Bf4 Nb6 10. Qc2 c5 11. Nb5 Nfd5 12. Bd6 a6 13. Bxf8 axb5 14. Bxc5 Bxc5 15. dxc5 Nd7 16. Rfd1 Qc7 17. Ng5 N5f6 18. b4 h6 19. Ne4 Nd5 20. a3 b6 21. Nd6 bxc5 22. Nxb5 Qb6 23. Qxc4 Ba6 24. a4 cxb4 25. Bxd5 exd5 26. Qxd5 Rd8 27. Qd6 Qxd6 28. Rxd6 Ra8 29. Nc7 1-0

[Event "Villa Martelli Rubinstein Memorial"]
[Site "Villa Martelli"]
[Date "2008.08.01"]
[Round "4.13"]
[White "Leguizamon, Arnaldo"]
[Black "Bruno, Gerardo"]
[Result "1-0"]
[WhiteElo "1962"]
[BlackElo "1720"]
[PlyCount "51"]
[EventDate "2008.07.29"]
[EventType "swiss"]
[EventRounds "9"]
[EventCountry "ARG"]
[SourceTitle "EXT 2024"]
[Source "ChessBase"]
[SourceDate "2023.10.10"]
[SourceVersion "1"]
[SourceVersionDate "2023.10.10"]
[SourceQuality "1"]

1. c4 Nf6 2. Nc3 e6 3. d3 d5 4. cxd5 Nxd5 5. Nf3 Bb4 6. Bd2 Nc6 7. Rc1 Nf6 8. a3 Be7 9. e3 b6 10. Be2 0-0 11. 0-0 Bb7 12. b4 a6 13. Qc2 Bd6 14. Rfd1 Ne7 15. Ne4 Nxe4 16. dxe4 Ng6 17. g3 f5 18. exf5 exf5 19. Qc4+ Kh8 20. Bc3 Qe7 21. h4 b5 22. Qd4 Rad8 23. Qa7 Bxf3 24. Bxf3 Bxg3 25. fxg3 Qxe3+ 26. Qxe3 1-0

[Event "Villa Martelli Rubinstein Memorial"]
[Site "Villa Martelli"]
[Date "2008.07.29"]
[Round "1.10"]
[White "Bruno, Gerardo"]
[Black "Valenzuela Gomez, Fernando Alberto"]
[Result "1/2-1/2"]
[WhiteElo "1720"]
[BlackElo "2068"]
[PlyCount "96"]
[EventDate "2008.07.29"]
[EventType "swiss"]
[EventRounds "9"]
[EventCountry "ARG"]
[SourceTitle "EXT 2024"]
[Source "ChessBase"]
[SourceDate "2023.10.10"]
[SourceVersion "1"]
[SourceVersionDate "2023.10.10"]
[SourceQuality "1"]

1. d4 Nf6 2. Nf3 g6 3. Bf4 Bg7 4. e3 0-0 5. c4 d6 6. Nc3 Nbd7 7. Be2 Qe8 8. h3 e5 9. Bh2 Qe7 10. 0-0 c6 11. e4 Rd8 12. d5 Nc5 13. Qc2 a5 14. Nd2 Nfd7 15. Nb3 Rf8 16. Nxc5 Nxc5 17. dxc6 bxc6 18. Bd3 f5 19. f3 Bh6 20. exf5 gxf5 21. Kh1 Rb8 22. Rad1 Bg7 23. Rfe1 Be6 24. b3 Rbd8 25. Qe2 e4 26. Nxe4 fxe4 27. Bxe4 Bc3 28. Bxc6 Bxe1 29. Rxe1 Qf7 30. Qd2 Qg6 31. Bg1 Bf7 32. Bd4 Rc8 33. Bb5 Be8 34. Re7 Ne6 35. Bc3 Bxb5 36. Qd5 Rc5 37. Qxd6 Rd8 38. Qb6 Re8 39. Rxe6 Qxe6 40. Qxc5 Bc6 41. Qg5+ Qg6 42. Qd2 a4 43. b4 a3 44. b5 Bxb5 45. Qd5+ Qe6 46. Qg5+ Qg6 47. Qd5+ Qe6 48. Qg5+ Qg6 1/2-1/2

[Event "Los Polvorines Silvestri Memorial"]
[Site "Los Polvorines"]
[Date "2008.04.10"]
[Round "7.5"]
[White "Bruno, Gerardo"]
[Black "Rivero, Raul"]
[Result "1-0"]
[WhiteElo "1697"]
[BlackElo "1882"]
[PlyCount "53"]
[EventDate "2008.04.02"]
[EventType "swiss"]
[EventRounds "7"]
[EventCountry "ARG"]
[SourceTitle "EXT 2019"]
[Source "ChessBase"]
[SourceDate "2018.10.10"]
[SourceVersion "1"]
[SourceVersionDate "2018.10.10"]
[SourceQuality "1"]

1. c4 Nf6 2. Nc3 e6 3. d4 d5 4. Nf3 Be7 5. Bf4 Nh5 6. e3 Nxf4 7. exf4 dxc4 8. Bxc4 0-0 9. 0-0 c6 10. Re1 Nd7 11. Rc1 Nb6 12. Bd3 Nd5 13. Qc2 h6 14. g3 Nb4 15. Bh7+ Kh8 16. Qb1 f5 17. Bg6 Rf6 18. Ne5 Kg8 19. a3 Nd5 20. h4 Bd6 21. Nxd5 exd5 22. Nxc6 Qb6 23. Re8+ Rf8 24. Rxf8+ Bxf8 25. Ne5 Qxd4 26. Bf7+ Kh7 27. Rxc8 1-0